[Event "Berlin-ch U14"]
[Site "Berlin"]
[Date "2004.02.01"]
[Round "1"]
[White "Noetzel, Felix"]
[Black "Merkel, Shimon"]
[Result "1-0"]
[WhiteElo "1369"]
[BlackElo "864"]
[PlyCount "117"]
[EventDate "2004.04.??"]
[EventType "swiss"]
[EventRounds "7"]
[EventCountry "GER"]
[SourceTitle "EXT 2005"]
[Source "ChessBase"]
[SourceDate "2004.11.15"]
[SourceVersion "1"]
[SourceVersionDate "2004.11.15"]
[SourceQuality "1"]

1. e4 e5 2. Nf3 Nc6 3. Bb5 Nge7 4. 0-0 d6 5. d4 a6 6. Bxc6+ Nxc6 7. dxe5 Be6 8. exd6 Bxd6 9. Nc3 0-0 10. Be3 Qe7 11. Nd5 Bxd5 12. exd5 Ne5 13. Bd4 Nxf3+ 14. Qxf3 Qg5 15. Rae1 Rae8 16. Re3 Bf4 17. Re4 Rxe4 18. Qxe4 Qg4 19. Qd3 Re8 20. h3 Qg5 21. Qf3 b5 22. a3 Bd2 23. Bc3 Bf4 24. Re1 Rxe1+ 25. Bxe1 h6 26. Bc3 Qf5 27. Qg4 Qxg4 28. hxg4 g6 29. g3 Bg5 30. Kg2 Kf8 31. Be5 Bd8 32. Kf3 Ke7 33. Bg7 Kd6 34. Ke4 h5 35. gxh5 gxh5 36. b4 c6 37. Be5+ Kd7 38. Kd4 Bb6+ 39. Ke4 Bd8 40. d6 f6 41. Bf4 Ke6 42. Kf3 f5 43. Kg2 Bf6 44. Bc1 Kxd6 45. Kf3 Be5 46. Bf4 Bxf4 47. Kxf4 Ke6 48. Kg5 Ke5 49. f4+ Ke4 50. Kxh5 Kf3 51. Kg5 Kxg3 52. Kxf5 Kf3 53. Ke5 Kg4 54. f5 Kg5 55. Ke6 Kh6 56. Ke7 Kg5 57. f6 Kg6 58. f7 Kg7 59. f8Q+ 1-0

[Event "Greifswald Ryck op"]
[Site "Greifswald"]
[Date "2002.08.25"]
[Round "6"]
[White "Merkel, Shimon"]
[Black "Hartmann, Elisa"]
[Result "0-1"]
[WhiteElo "845"]
[BlackElo "1099"]
[PlyCount "112"]
[EventDate "2002.08.??"]
[EventType "swiss"]
[EventRounds "7"]
[EventCountry "GER"]
[SourceTitle "EXT 2005"]
[Source "ChessBase"]
[SourceDate "2004.11.15"]
[SourceVersion "1"]
[SourceVersionDate "2004.11.15"]
[SourceQuality "1"]

1. c4 e5 2. Nc3 Nf6 3. g3 d5 4. Bg2 dxc4 5. e3 Bc5 6. Nge2 Nc6 7. 0-0 Bf5 8. a3 Bd3 9. b4 Bb6 10. b5 Na5 11. Na4 Rb8 12. Nxb6 cxb6 13. Bb2 e4 14. Be5 Rc8 15. Bh3 Rc5 16. Bd4 Rxb5 17. Nc3 Bxf1 18. Bxf1 Rf5 19. Bh3 Nb3 20. Rb1 Ra5 21. a4 0-0 22. Bg2 Nxd4 23. exd4 Qxd4 24. Qe1 Re8 25. Qe2 Rae5 26. Nb5 Qd3 27. Qe1 Rd8 28. Rb2 Red5 29. Nc3 Re5 30. f4 Re6 31. f5 Re5 32. Ra2 e3 33. Nb1 Ng4 34. Bf1 exd2 35. Qxd2 Qxd2 36. Nxd2 c3 37. Nb3 Re1 38. Rc2 Rc8 39. h3 Ne3 40. Rf2 c2 41. g4 Rxf1+ 42. Rxf1 Nxf1 43. Kxf1 Kf8 44. Ke1 Ke7 45. Kd2 Kd6 46. Kc1 Kd5 47. h4 Ke4 48. h5 Kd3 49. g5 Rc3 50. Na1 Rc4 51. g6 fxg6 52. h6 gxh6 53. f6 Rf4 54. Nxc2 Rxf6 55. Ne1+ Kc3 56. Ng2 Rf1+ 0-1

[Event "Greifswald Ryck op"]
[Site "Greifswald"]
[Date "2002.08.25"]
[Round "7"]
[White "Voelsgen, Georg"]
[Black "Merkel, Shimon"]
[Result "1-0"]
[WhiteElo "870"]
[BlackElo "845"]
[PlyCount "109"]
[EventDate "2002.08.??"]
[EventType "swiss"]
[EventRounds "7"]
[EventCountry "GER"]
[SourceTitle "EXT 2005"]
[Source "ChessBase"]
[SourceDate "2004.11.15"]
[SourceVersion "1"]
[SourceVersionDate "2004.11.15"]
[SourceQuality "1"]

1. e4 d6 2. d4 Nf6 3. Nc3 g6 4. Nf3 Bg7 5. Be3 0-0 6. Bc4 Nc6 7. Qd2 Bg4 8. Be2 Bxf3 9. Bxf3 e6 10. 0-0-0 Nb4 11. a3 Nc6 12. Bh6 a6 13. h4 Rb8 14. Qg5 Re8 15. h5 Ne7 16. hxg6 Nxg6 17. Bxg7 Kxg7 18. e5 Ng8 19. Qxd8 Rexd8 20. exd6 cxd6 21. Rh2 b5 22. Na2 a5 23. c3 a4 24. Nb4 Nf6 25. Nc6 Re8 26. Nxb8 Rxb8 27. Kc2 d5 28. Bh5 Nf4 29. Bf3 Kf8 30. g3 Ng6 31. g4 Nf4 32. g5 Nd7 33. Rxh7 Ng6 34. Bh5 Kg8 35. Rh6 Kg7 36. Bxg6 fxg6 37. Rdh1 Nf8 38. Rh8 Re8 39. R1h7+ Nxh7 40. Rxe8 Kf7 41. Rb8 Nxg5 42. Rxb5 Ne4 43. f3 Nd6 44. Rb4 Nf5 45. Rxa4 Ne3+ 46. Kb1 Nc4 47. b4 Nd2+ 48. Kb2 Nc4+ 49. Ka2 Kf6 50. b5 Nb6 51. Ra6 Nc8 52. b6 Nd6 53. Ra7 Nc8 54. b7 Nxa7 55. b8Q 1-0

[Event "Greifswald Ryck op"]
[Site "Greifswald"]
[Date "2002.08.22"]
[Round "1"]
[White "Schmidt, Gerhard"]
[Black "Merkel, Shimon"]
[Result "1-0"]
[WhiteElo "1712"]
[BlackElo "845"]
[PlyCount "51"]
[EventDate "2002.08.??"]
[EventType "swiss"]
[EventRounds "7"]
[EventCountry "GER"]
[SourceTitle "EXT 2005"]
[Source "ChessBase"]
[SourceDate "2004.11.15"]
[SourceVersion "1"]
[SourceVersionDate "2004.11.15"]
[SourceQuality "1"]

1. e4 d6 2. d4 Nf6 3. Nc3 g6 4. f4 Bg7 5. Bb5+ c6 6. Be2 0-0 7. Nf3 b5 8. a3 Nbd7 9. 0-0 Nh5 10. Ng5 h6 11. Nh3 Nb6 12. f5 g5 13. Bxh5 Nd7 14. Ne2 Nb6 15. Ng3 Nc4 16. b3 Bxd4+ 17. Qxd4 c5 18. Qc3 Ne5 19. Be3 f6 20. Rad1 Ba6 21. Rf2 Rc8 22. b4 cxb4 23. Qxb4 Rc4 24. Qb3 Nc6 25. Be2 Na5 26. Qa2 1-0